Rasputín: el diablo sagrado

Đã lưu trong:
Chi tiết về thư mục
Những tác giả chính: Verdaguer, Mario (Tác giả), Trotzky, León (Tác giả)
Định dạng: Sách
Ngôn ngữ:Tiếng Tây Ban Nha
Được phát hành: Buenos Aires Claridad 1924
Những chủ đề:
Các nhãn: Thêm thẻ
Không có thẻ, Là người đầu tiên thẻ bản ghi này!

MARC

LEADER 00000nam a2200000 a 4500
001 UCP8516
003 CL-VaPUC
008 000303e19240000AG |||||||||||||||||spa|d
082 0 4 |a 920  |b VER  |2 21 
100 0 |a Verdaguer, Mario  |e author  |9 352081 
700 0 |a Trotzky, León  |e author  |9 438547 
245 1 0 |a Rasputín: el diablo sagrado 
246 1 0 |a Lennin 
300 |a p. irreg 
942 |c BK 
945 |d 20000303 00:00:00  |a rherrera 
260 |a Buenos Aires  |b Claridad  |c 1924 
600 0 7 |a RASPUTIN  |2 CL-VaPUC  |9 438548 
600 0 7 |a LENNIN, VLADIMIR ILICH  |2 CL-VaPUC  |9 438549 
650 0 |a Biografías  |9 255210 
650 7 |a LIDERES RELIGIOSOS  |2 CL-VaPUC  |9 353296 
650 0 |a Ideologías políticas   |9 255735 
651 0 |a Rusia   |9 256106 
583 |a last modification  |c 20000303 00:00:00  |k Rodrigo Vera 
999 |c 285408  |d 285406 
952 |0 0  |1 0  |4 0  |6 920_000000000000000_VER_1924  |7 0  |8 X  |9 330026  |a BIBHIS  |b BIBHIS  |d 2019-11-20  |i 1392158  |o 920 VER 1924  |p 1392158  |r 2024-01-30  |w 2019-11-20  |y BK_X  |k HIS